000 00426nam a2200181Ia 4500
001 2751
005 20260306144830.0
008 260306t2003||||xx |||||||||||||| ||spa||
041 _aESP
082 _a225.04
_bD231
100 _aDebergé, Pierre
_eAUT
245 0 _aLa justicia en el Nuevo Testamento
260 _c2003
300 _a66 páginas :
_c19 cm.
650 _aGEN
654 _aCHU
942 _cLIB
_dJUS
_fJUS
_2ddc
_n
999 _c2751
_d2751